000 00616cab a2200217 4500
001 ABS47096
008 090401t1992 xxu||||| |||| 00| 0 eng d
035 _a(Sirsi) u60802
041 _aeng
100 _aBudge, R.
245 4 _aThe privatisation of the UK coal industry
260 _c1992
350 _a0
490 _aQuarry Management
_v19(9) September 1992, 21-23(2)
520 _aLooks at the issues, opportunities and pitfalls of privatisation of the UK coal industry.
650 _aCOAL INDUSTRY
650 _aPRIVATISATION
690 _aMINING AND MINERALS
942 _n0
948 _c04/03/1997
999 _c37585
_d37585